000 00414nam a22001697a 4500
003 MPLRDC
005 20220104125313.0
008 210129b ||||| |||| 00| 0 eng d
082 _a857.9 DFYa-16 v.3
100 _a东方玉
245 _a旋风花. 三
_c
260 _a
_b毅力出版社
_c
300 _b
490 _a东方玉小说专辑. 33
650 _a武侠小说
942 _cBK
_o857.9 DFYa-16 v.3
999 _c26294
_d26284